| 000 | 00362cam a2200145ua 4500 | ||
|---|---|---|---|
| 041 |
_aeng _h |
||
| 082 |
_a822 _bEUR/CO |
||
| 100 | _aEuripides, . | ||
| 245 |
_aCollected plays of Euripides / _cEuripides. _hTextual Documents |
||
| 260 |
_aLondon : _bGeorge Allen & Unwin Ltd , _c1954. |
||
| 300 | _a740 ; . | ||
| 504 | _a | ||
| 942 | _cBK | ||
| 999 |
_c5883 _d5883 |
||